History of Germany Quiz (0-1519 AD) - Statistics

General Stats
  • This quiz has been taken 51 times
  • The average score is 8 of 15
Answer Stats
Question Answer % Correct
Which river formed the Northern border of the Roman Empire along with the Danube? Rhine
98%
Who posted his '95 Theses' on the portal of the Wittenberg Church in 1517? Martin Luther
79%
Who became Emperor of the Romans in 800? Charlemagne
74%
What disease spread across Europe during the mid-14th century? Plague
72%
Which barbarian kingdom conquered most of Continental Western Europe? Frankish Kingdom
67%
How did the Romans call the part of Germany that wasn’t part of their empire? Magna Germania
65%
Who became the first emperor of the Holy Roman Empire in 962? Otto the Great
63%
Which country became independent in 1291? Switzerland
47%
Who became emperor in 1519? Charles I
37%
Who was at the same time king of Sicily and emperor of the Romans from 1220 to 1250? Frederick II
37%
What treaty divided the Carolingian Empire into three parts in 843? Treaty of Verdun
37%
In which battle were the Hungarians defeated in 955? Battle of Lechfeld
30%
Which concordat was signed in 1122 between the Church and the Holy Roman Empire? Concordat of Worms
21%
Who unified the former Carolingian empire from 884 to 887? Charles III
19%
Which League saw the Holy Roman Empire allied with France against Venice? League of Cambrai
19%
No matching quizzes found
Score Distribution
Percent of People with Each Score
Percentile by Number Answered
Your Score History
You have not taken this quiz